000 00590nam a2200229 a 4500
001 BRL_979
005 20190320210959.0
008 301013s1963----mx-#######---#000-1#spa-#
041 _aspa
044 _amx
050 4 _aPQ7297
_b.L48 19 1963
100 1 _aRulfo, Juan
_925468
245 1 0 _aPedro Páramo
_cpor Juán Rolfo.
250 _a4a ed.
260 _aMéxico
_bFondo de Cultura Económica
_c1963
300 _a152 p.
_bil.
_c17 cm.
440 0 _aLetras mexicanas
_v19
_925492
500 _aAu1098
650 1 4 _anovela mexicana
_xSigloXX
_925493
902 _aGRL
942 _2lcc
_cB
999 _c9791
_d9791